[Event "Ruhrgebiet Verbandsklasse Gruppe 1 1819"]
[Site "Nordrheinwestfalen"]
[Date "2019.02.03"]
[Round "6.8"]
[White "Kotter, Michael"]
[Black "Struebig, Dominik"]
[Result "1-0"]
[WhiteElo "1857"]
[BlackElo "1691"]
[PlyCount "77"]
[EventDate "2018.09.23"]
[EventType "team-tourn"]
[EventRounds "9"]
[EventCountry "GER"]
[SourceTitle "EXT 2022"]
[Source "ChessBase"]
[SourceDate "2021.10.06"]
[SourceVersion "1"]
[SourceVersionDate "2021.10.06"]
[SourceQuality "1"]
[WhiteTeam "Horst Emscher II"]
[BlackTeam "Haltern"]
[WhiteTeamCountry "GER"]
[BlackTeamCountry "GER"]

1. Nc3 Nf6 2. e4 Nc6 3. Nf3 d5 4. exd5 Nxd5 5. Bc4 Nxc3 6. bxc3 Bg4 7. Bxf7+ Kd7 8. h3 Bxf3 9. Qxf3 e6 10. Qe4 Qf6 11. Bh5 Bd6 12. d4 Raf8 13. Be3 g6 14. Bf3 Qf5 15. Rb1 Qa5 16. 0-0 Nd8 17. c4 Qxa2 18. d5 Rxf3 19. dxe6+ Nxe6 20. Qxf3 Rf8 21. Qe4 b6 22. Rfd1 Rf5 23. Ra1 Qb2 24. Rxa7 Nc5 25. Qd4 Qxd4 26. Bxd4 Kc6 27. Ra8 Ne6 28. c3 Ng5 29. Re8 Kd7 30. Re2 Nf7 31. g4 Rf4 32. c5 bxc5 33. Bxc5 Ng5 34. Bxd6 cxd6 35. Rd3 Kc6 36. Kg2 d5 37. Re5 Ne4 38. f3 Nf6 39. Kg3 1-0